Revolución de supervivencia : novela /

Gorde:
Xehetasun bibliografikoak
Egile nagusia: Ramírez Huertas, Mario, 1943-
Formatua: Ezezaguna
Hizkuntza:Spanish
Argitaratua: San José, Costa Rica : Libertad, 1978.
Gaiak:
Etiketak: Etiketa erantsi
Etiketarik gabe, Izan zaitez lehena erregistro honi etiketa jartzen!

MARC

LEADER 000000000a22000000004500
001 003358
041 0 |a spa 
082 0 4 |a CR863.4   |b R1734r 
100 1 |a Ramírez Huertas, Mario,   |d 1943- 
245 1 0 |a Revolución de supervivencia :   |b novela /   |c Mario Ramírez Huertas. 
260 1 |a San José, Costa Rica :   |b Libertad,   |c 1978. 
300 |a 122 páginas 
650 4 |a LITERATURA COSTARRICENSE 
650 4 |a NOVELA 
999 |c 9593  |d 9593 
942 |c BK  |h CR863.4 R1734r  |2 z